武道狂之詩

資料類型: Book 圖書   書目號:44040

Leader xxxxxxxxxx
001 __ PCLIS00044040
005 __ 20210714105207.0
010 0_ |a978-986-6473-00-5|b第1卷 : 平裝|dNT$220
010 0_ |a978-986-6473-34-0|b第2卷 : 平裝|dNT$220
010 0_ |a978-986-6473-49-4|b第3卷 : 平裝|dNT$220
010 0_ |a978-986-6473-62-3|b第4卷 : 平裝|dNT$220
010 0_ |a978-986-6473-93-7|b第5卷 : 平裝|dNT$220
010 0_ |a978-986-6473-97-5|b第6卷 : 平裝|dNT$199
010 0_ |a978-986-6157-19-6|b第7卷 : 平裝|dNT$199
010 0_ |a978-986-6157-33-2|b第8卷 : 平裝|dNT$199
010 0_ |a978-986-6157-51-6|b第9卷 : 平裝|dNT$199
010 0_ |a978-986-6157-82-0|b第10卷 : 平裝|dNT$199
010 0_ |a978-986-6157-83-7|b第11卷 : 平裝|dNT$199
010 0_ |a978-986-6157-84-4|b第12卷 : 平裝|dNT$199
100 __ |a20111124g20092018m  y0chiy09      e
101 0_ |achi
102 __ |atw
105 __ |ay   z   000ay
200 1_ |a武道狂之詩|f喬靖夫著|gHiroshi圖
205 __ |a初版
210 __ |a臺北市|c蓋亞文化出版|a新北市新店區|c聯合發行總經銷|d2009-2018[民98-107]
215 0_ |a|d20公分
215 0_ |a249面|d20公分
225 2_ |a悅讀館|vRE171-180, RE281-282
327 1_ |a1,風從虎.雲從龍--2,蜀都戰歌--3,震關中--4,英雄街道--5,高手盟約--6,任俠天下--7,夜戰廬陵--8,戰鬥六劍--9,鐵血之陣--10,狼行荊楚--11,劍豪戰爭--12,兵刀劫--13,武當之戰--14,山.火.海--15,羊與虎--16,光與影--17,風捲山河--18,殺與禪--19,仁者劍--20,王道心--21,血與鐵
339 __ |a館藏: 卷1-卷12
410 _0 |12001 |a悅讀館|vRE171-180, RE281-282
517 1_ |a風從虎.雲從龍
517 1_ |a蜀都戰歌
517 1_ |a震關中
517 1_ |a英雄街道
517 1_ |a高手盟約
517 1_ |a任俠天下
517 1_ |a夜戰廬陵
517 1_ |a戰鬥六劍
517 1_ |a鐵血之陣
517 1_ |a狼行荊楚
517 1_ |a劍豪戰爭
517 1_ |a兵刀劫
606 __ |a武俠小說
681 __ |a857.9|b8637
681 __ |a850.3857|b8637
681 __ |a857.7|b8637
700 _0 |a喬靖夫|4702 _0 |aHiroshi|4801 _0 |atw|b內湖高中|c20111124|gCCR
801 _2 |atw|b內湖高中|c20210617|gCCR
詳細館藏 1-10 筆 (共 12 筆)
索 書 號登 錄 號冊次號館別 / 館藏地流通類型狀態加入預約清單電子資源
857.9 / 8637 1019390 v.1 圖書館 / 一樓普通區 可外借30天 在館   
857.9 / 8637 1019911 v.2 圖書館 / 一樓普通區 可外借30天 在館   
857.9 / 8637 1019912 v.3 圖書館 / 一樓普通區 可外借30天 在館   
857.9 / 8637 1019913 v.4 圖書館 / 一樓普通區 可外借30天 在館   
857.9 / 8637 1019914 v.5 圖書館 / 一樓普通區 可外借30天 在館   
857.9 / 8637 1019915 v.6 圖書館 / 一樓普通區 可外借30天 在館   
857.9 / 8637 1019916 v.7 圖書館 / 一樓普通區 可外借30天 在館   
857.9 / 8637 1019917 v.8 圖書館 / 一樓普通區 可外借30天 在館   
857.9 / 8637 1019918 v.9 圖書館 / 一樓普通區 可外借30天 在館   
857.9 / 8637 1019919 v.10 圖書館 / 一樓普通區 可外借30天 在館   

切換至館藏 第 1, 2

| 條列資料




目錄查詢 分類查詢 個人資料 圖書薦購 新書查詢 閉館日 排行榜 更多電子資源 Hami書城 線上資料庫 登出

From : 216.73.216.116

  本日流通累計至 16:34:44 借閱 : 6 次 續借 : 0 次 歸還 : 8 次 預約 : 0 次 電子資源 : 0 次


內湖高中圖書館  PCLIS 版本  25.5.0.2